| 000 | 00620nam a2200181Ia 4500 | ||
|---|---|---|---|
| 008 | 100920s9999 xx 000 0 und d | ||
| 082 |
_b84494 _a200 थ 95 |
||
| 100 | _aझांबरे स.ध. | ||
| 245 | _aरुद्राक्ष महिमा. | ||
| 260 |
_bअंजली पब्लिशिंग हाऊस, पुणे 30. _c1995 |
||
| 300 |
_a130 _bसाधी |
||
| 365 | _b40 | ||
| 520 | _aधार्मिक. | ||
| 630 | _aरुद्राक्ष महिमा. | ||
| 650 | _aधार्मिक. | ||
| 730 | _aरुद्राक्ष महिमा. | ||
| 942 | _cBOOK | ||
| 999 |
_c725038 _d725035 |
||